000 00868nam a2200301Ia 4500
001 79027
003 IT-RoPAU
008 130308s9999 xx 000 0 und d
040 _aIT-RoPAU
040 _cIT-RoPAU
041 _aITALIANO
100 _aMelpignano Maria
100 _gCodice Aut. SPICS: 27285
245 _aSulla metaforicità della comunicazione
245 _bLinguaggi della Comunicazione (I)
250 _a1a ed.
260 _aPADOVA
260 _bGregoriana
260 _c1987 [1° Ed.:1987 - Ed.Ling.Originale:1985]
300 _a"11 p. (prefazione: no ; testo: 11 [pagine: 227-237])"
500 _aDall'Ambito Discorsivo All'Ambito Ermeneutico Metalinguaggio Significativamente Simbolico
650 _aSAGGI DI LINGUISTICA
650 _eCodice materia Spics: 3207
942 _cBK
957 _71
999 _c40371
_d40371
999 _bSI
999 _g1